Les communes du Nord (partie 1) - Statistiques

Statistiques générales
  • Ce quiz a été pris 4 fois
  • Le résultat moyen est 220 sur 500
Statistiques - réponses
Commune % Correct
Cambrai
100%
Dunkerque
100%
Lille
100%
Roubaix
100%
Aix-en-Pévèle
67%
Allennes-les-Marais
67%
Annoeullin
67%
Anstaing
67%
Anzin
67%
Armentières
67%
Arnèke
67%
Attiches
67%
Auberchicourt
67%
Aubers
67%
Aulnoy-lez-Valenciennes
67%
Avelin
67%
Avesnelles
67%
Avesnes-le-Sec
67%
Avesnes-sur-Helpe
67%
Bachy
67%
Bailleul
67%
Baisieux
67%
Bauvin
67%
Bavinchove
67%
Bergues
67%
Bersée
67%
Bierne
67%
Boeschepe
67%
Bollezeele
67%
Bondues
67%
Borre
67%
Bourghelles
67%
Bousbecque
67%
Bousies
67%
Bouvignies
67%
Bouvines
67%
Brouckerque
67%
Bugnicourt
67%
Caëstre
67%
Camphin-en-Carembault
67%
Capinghem
67%
Cappelle-en-Pévèle
67%
Cappelle-la-Grande
67%
Carnin
67%
Cassel
67%
Caudry
67%
Chemy
67%
Chéreng
67%
Comines
67%
Coudekerque-Branche
67%
Coutiches
67%
Crespin
67%
Croix
67%
Cysoing
67%
Dechy
67%
Denain
67%
Deûlémont
67%
Don
67%
Douai
67%
Eecke
67%
Emmerin
67%
Englos
67%
Ennetières-en-Weppes
67%
Ennevelin
67%
Erquinghem-Lys
67%
Estaires
67%
Faches-Thumesnil
67%
Ferrière-la-Grande
67%
Flers-en-Escrebieux
67%
Flêtre
67%
Flines-Lez-Raches
67%
Fourmies
67%
Fournes-en-Weppes
67%
Fretin
67%
Genech
67%
Ghyvelde
67%
Godewaersvelde
67%
Grande-Synthe
67%
Grand-Fort-Philippe
67%
Gravelines
67%
Hallennes-lez-Haubourdin
67%
Hantay
67%
Hardifort
67%
Hasnon
67%
Haubourdin
67%
Hautmont
67%
Haverskerque
67%
Hazebrouck
67%
Hem
67%
Hergnies
67%
Herlies
67%
Hondeghem
67%
Hondschoote
67%
Houplines
67%
Illies
67%
Jenlain
67%
Jolimetz
67%
Killem
67%
La Bassée
67%
La Chapelle-d'Armentières
67%
La Gorgue
67%
Lambersart
67%
Lambres-lez-Douai
67%
Landrecies
67%
La Neuville
67%
Lecelles
67%
Le Doulieu
67%
Leers
67%
Leffrinckoucke
67%
Le Quesnoy
67%
Lesquin
67%
Lewarde
67%
Lezennes
67%
Liessies
67%
Lompret
67%
Loos
67%
Lourches
67%
Louvroil
67%
Lys-Lez-Lannoy
67%
Marcq-en-Baroeul
67%
Marly
67%
Marquette-lez-Lille
67%
Marquillies
67%
Maubeuge
67%
Mérignies
67%
Merville
67%
Mons-en-Baroeul
67%
Morbecque
67%
Mouvaux
67%
Neuf-Berquin
67%
Nieppe
67%
Nieurlet
67%
Nomain
67%
Noyelles-lès-Seclin
67%
Obies
67%
Orchies
67%
Ostricourt
67%
Oxelaëre
67%
Pecquencourt
67%
Pérenchies
67%
Petite-Forêt
67%
Phalempin
67%
Pitgam
67%
Pont-à-Marcq
67%
Pradelles
67%
Préseau
67%
Prouvy
67%
Proville
67%
Provin
67%
Quesnoy-sur-Deûle
67%
Quiévrechain
67%
Radinghem-en-Weppes
67%
Raismes
67%
Rieulay
67%
Rieux-en-Cambrésis
67%
Roeulx
67%
Ronchin
67%
Roncq
67%
Rouvignies
67%
Rubrouck
67%
Rumegies
67%
Abancourt
33%
Abscon
33%
Aibes
33%
Anhiers
33%
Aniche
33%
Anneux
33%
Anor
33%
Arleux
33%
Armbouts-Cappel
33%
Artres
33%
Assevent
33%
Aubencheul-au-Bac
33%
Aubigny-au-Bac
33%
Aubry-du-Hainaut
33%
Auby
33%
Auchy-lez-Orchies
33%
Audignies
33%
Aulnoye-Aymeries
33%
Avesnes-les-Aubert
33%
Awoingt
33%
Bachant
33%
Baives
33%
Bambecque
33%
Banteux
33%
Bantigny
33%
Bantouzelle
33%
Bas-Lieu
33%
Bavay
33%
Bazuel
33%
Beaucamps-Ligny
33%
Beaudignies
33%
Beaufort
33%
Beaurain
33%
Beaurepaire-sur-Sambre
33%
Beaurieux
33%
Beauvois-en-Cambrésis
33%
Bellaing
33%
Bellignies
33%
Bérelles
33%
Berlaimont
33%
Bermerain
33%
Bersillies
33%
Berthen
33%
Bertry
33%
Béthencourt
33%
Bettignies
33%
Bettrechies
33%
Beugnies
33%
Beuvrages
33%
Beuvry-la-Forêt
33%
Bévillers
33%
Bissezeele
33%
Blaringhem
33%
Blécourt
33%
Boëseghem
33%
Bois-Grenier
33%
Bouchain
33%
Boulogne-sur-Helpe
33%
Bourbourg
33%
Boursies
33%
Bousignies
33%
Bousignies-sur-Roc
33%
Boussières-en-Cambrésis
33%
Boussières-sur-Sambre
33%
Boussois
33%
Bray-Dunes
33%
Briastre
33%
Brillon
33%
Broxeele
33%
Bruay-sur-l'Escaut
33%
Bruille-lez-Marchiennes
33%
Bruille-Saint-Amand
33%
Brunémont
33%
Bry
33%
Busigny
33%
Buysscheure
33%
Cagnoncles
33%
Camphin-en-Pévèle
33%
Cantaing-sur-Escaut
33%
Cantin
33%
Capelle
33%
Cappelle-Brouck
33%
Carnières
33%
Cartignies
33%
Catillon-sur-Sambre
33%
Cattenières
33%
Caullery
33%
Cauroir
33%
Cerfontaine
33%
Château-l'Abbaye
33%
Choisies
33%
Clairfayts
33%
Clary
33%
Cobrieux
33%
Colleret
33%
Condé-sur-l'Escaut
33%
Courchelettes
33%
Cousolre
33%
Craywick
33%
Crèvecoeur-sur-l'Escaut
33%
Crochte
33%
Croix-Caluyau
33%
Cuincy
33%
Curgies
33%
Cuvillers
33%
Damousies
33%
Dehéries
33%
Dimechaux
33%
Dimont
33%
Doignies
33%
Dompierre-sur-Helpe
33%
Douchy-les-Mines
33%
Dourlers
33%
Drincham
33%
Ebblinghem
33%
Ecaillon
33%
Eccles
33%
Eclaibes
33%
Ecuélin
33%
Elesmes
33%
Elincourt
33%
Emerchicourt
33%
Englefontaine
33%
Eppe-Sauvage
33%
Erchin
33%
Eringhem
33%
Erquinghem-le-Sec
33%
Erre
33%
Escarmain
33%
Escaudain
33%
Escaudoeuvres
33%
Escautpont
33%
Escobecques
33%
Esnes
33%
Esquelbecq
33%
Esquerchin
33%
Estourmel
33%
Estrées
33%
Estreux
33%
Estrun
33%
Eswars
33%
Eth
33%
Etroeungt
33%
Famars
33%
Faumont
33%
Féchain
33%
Feignies
33%
Felleries
33%
Fenain
33%
Férin
33%
Féron
33%
Ferrière-la-Petite
33%
Flaumont-Waudrechies
33%
Flesquières
33%
Flines-lès-Mortagne
33%
Floursies
33%
Floyon
33%
Fontaine-au-Bois
33%
Fontaine-au-Pire
33%
Fontaine-Notre-Dame
33%
Forest-en-Cambrésis
33%
Forest-sur-Marque
33%
Frasnoy
33%
Frelinghien
33%
Fresnes-sur-Escaut
33%
Fressain
33%
Fressies
33%
Fromelles
33%
Ghissignies
33%
Glageon
33%
Goeulzin
33%
Gognies-Chaussée
33%
Gommegnies
33%
Gondecourt
33%
Gonnelieu
33%
Gouzeaucourt
33%
Gruson
33%
Guesnain
33%
Gussignies
33%
Halluin
33%
Hamel
33%
Hargnies
33%
Haspres
33%
Haucourt-en-Cambrésis
33%
Haulchin
33%
Haussy
33%
Haut-Lieu
33%
Haveluy
33%
Haynecourt
33%
Hecq
33%
Hélesmes
33%
Hem-Lenglet
33%
Hérin
33%
Herrin
33%
Herzeele
33%
Hestrud
33%
Holque
33%
Hon-Hergies
33%
Honnechy
33%
Honnecourt-sur-Escaut
33%
Hordain
33%
Hornaing
33%
Houdain-lez-Bavay
33%
Houplin-Ancoisne
33%
Houtkerque
33%
Hoymille
33%
Inchy
33%
Iwuy
33%
Jeumont
33%
La Flamengrie
33%
La Groise
33%
Lallaing
33%
La Longueville
33%
La Madeleine
33%
Landas
33%
Lannoy
33%
Larouillies
33%
Lauwin-Planque
33%
Le Cateau-Cambrésis
33%
Lécluse
33%
Lederzeele
33%
Ledringhem
33%
Le Favril
33%
Le Maisnil
33%
Lesdain
33%
Les Rues-des-Vignes
33%
Leval
33%
Lez-Fontaine
33%
Lieu-Saint-Amand
33%
Ligny-en-Cambrésis
33%
Limont-Fontaine
33%
Loffre
33%
Looberghe
33%
Loon-Plage
33%
L'Orée de Mormal
33%
Louvignies-Quesnoy
33%
Louvil
33%
Lynde
33%
Maing
33%
Mairieux
33%
Malincourt
33%
Marbaix
33%
Marchiennes
33%
Marcoing
33%
Marcq-en-Ostrevent
33%
Maresches
33%
Maretz
33%
Maroilles
33%
Marpent
33%
Marquette-en-Ostrevant
33%
Masnières
33%
Masny
33%
Mastaing
33%
Maulde
33%
Maurois
33%
Mazinghien
33%
Mecquignies
33%
Merckeghem
33%
Merris
33%
Méteren
33%
Millam
33%
Millonfosse
33%
Moeuvres
33%
Monceau-Saint-Waast
33%
Monchaux-sur-Ecaillon
33%
Moncheaux
33%
Monchecourt
33%
Mons-en-Pévèle
33%
Montay
33%
Montigny-en-Cambrésis
33%
Montigny-en-Ostrevent
33%
Montrécourt
33%
Mortagne-du-Nord
33%
Mouchin
33%
Moustier-en-Fagne
33%
Naves
33%
Neuf-Mesnil
33%
Neuville-en-Avesnois
33%
Neuville-en-Ferrain
33%
Neuville-Saint-Rémy
33%
Neuville-sur-Escaut
33%
Neuvilly
33%
Niergnies
33%
Nivelle
33%
Noordpeene
33%
Noyelles-sur-Escaut
33%
Noyelles-sur-Sambre
33%
Noyelles-sur-Selle
33%
Obrechies
33%
Ochtezeele
33%
Odomez
33%
Ohain
33%
Oisy
33%
Onnaing
33%
Oost-Cappel
33%
Ors
33%
Orsinval
33%
Oudezeele
33%
Paillencourt
33%
Péronne-en-Mélantois
33%
Petit-Fayt
33%
Poix-du-Nord
33%
Pommereuil
33%
Pont-sur-Sambre
33%
Potelle
33%
Prémesques
33%
Preux-au-Bois
33%
Prisches
33%
Quaëdypre
33%
Quarouble
33%
Quérénaing
33%
Quiévelon
33%
Quiévy
33%
Râches
33%
Raillencourt-Sainte-Olle
33%
Raimbeaucourt
33%
Rainsars
33%
Ramillies
33%
Ramousies
33%
Raucourt-au-Bois
33%
Recquignies
33%
Rejet-de-Beaulieu
33%
Renescure
33%
Reumont
33%
Rexpoëde
33%
Ribécourt-la-Tour
33%
Robersart
33%
Rombies-et-Marchipont
33%
Romeries
33%
Roost-Warendin
33%
Rosult
33%
Roucourt
33%
Rousies
33%
Ruesnes
33%
Rumilly-en-Cambrésis
33%
Beaumont-en-Crambrésis
0%
Crand-Fayt
0%
Linselles-Locquignol
0%
Preux-en-Sart
0%
Aucun quiz correspondant
Distribution des résultats
% des personnes avec chaque résultat
Percentile par nombre de réponses
Votre historique - résultats
Vous n’avez pas pris ce quiz